000 01016nam a2200373 b 4500
001 97098
003 DO-SdBNP
005 20180126105532.0
007 97098
008 000906s2000 sp | ||| ||spa
016 7 _a
_2BPMSU
017 _a
_b
020 _a8477206066
035 _a
040 _aBPMSU
_bspa
_cBPMSU
_e
041 1 _aspa
_h
080 0 _a
080 0 _a
100 1 _aLee, John
240 1 4 _aThe flying boy
_lespañol
245 1 0 _aHombres que huyen :
_bla sanación del hombre herido /
_h
_cJohn Lee ; traducción, Montse Porti
246 _aHombres :
_b¿Por qué huyen los hombres del compromiso
250 _a2ª ed.
260 _aBarcelona :
_bObelisco,
_c2000
300 _a157 p. :
_c22 cm
490 0 _aNueva conciencia
650 7 _aRELACIONES HUMANAS
_2
650 7 _aHOMBRE
_xPSICOLOGÍA
_2
700 _aPorti, Montse
_etr.
830 0 _aNueva conciencia
942 _2ddc
_cBK
945 _aInventariado, 2018 / YL
956 _aVMATEO
_b10
_cBPMSU
999 _c9459
_d9459